Visualizzazione normale
Vista MARC
- Rabagliati Alberto
di Personal Name
Records bibliografici associati: 1
001 - CONTROL NUMBER
- control field: 3256
003 - CONTROL NUMBER IDENTIFIER
- control field: IT-RoPau
005 - DATE AND TIME OF LATEST TRANSACTION
- control field: 20131124112242.0
008 - FIXED-LENGTH DATA ELEMENTS
- fixed length control field: 131124|| aca||aabn | a|a d
040 ## - CATALOGING SOURCE
- Original cataloging agency: IT-RoPau
- Transcribing agency: IT-RoPau
100 ## - HEADING--PERSONAL NAME
- Personal name: Rabagliati Alberto
- Miscellaneous information: Codice interprete SPICS: 5101
- Relator term: Interprete
670 ## - SOURCE DATA FOUND
- Source citation: Work cat.: (IT-RoPau)99851: AA.VV. 794, Alberto Rabagliati (disco)